| 000 | 00624nam a2200205Ia 4500 | ||
|---|---|---|---|
| 008 | 191130s2008##################000#0#eng## | ||
| 020 | _a9788131601631 | ||
| 022 | _a2008319611 | ||
| 040 |
_aACL _cACL |
||
| 082 | _a301.01 SAR | ||
| 100 | _aŚaraṇa, Gopāla | ||
| 245 |
_aExplorations in method and theory in anthropology _cGopala Sarana |
||
| 260 |
_aJaipur _bRawat Publications _cc2008 |
||
| 300 | _axviii, 470 p. ; ; 22 cm | ||
| 500 | _aIncludes bibliographical references and index | ||
| 650 | _aAnthropology - Methodology | ||
| 990 | _a1b894433ac10000c11a75e56ddebcde7 | ||
| 991 | _a46027 | ||
| 999 |
_c180086 _d180086 |
||